000 00389nam a22001337a 4500
082 _a624.1762
_bKET
_cL-20, P-45
100 _aKetchum, Mile, S.
_942912
245 _aStress in framed structures
_cMile S. Ketchum
260 _aLondon
_bMcGraw-Hill Book Company
_c1932
300 _axi, 217.p:
_bPart-1
526 _a0
_b0
_c0
_d624_176200000000000_KET
650 _aMCE
_9379
942 _2ddc
_cBK
999 _c546722
_d546722